000 00701nam a22002297a 4500
999 _c523
_d523
003 AR-CdUCM
008 190223b ||||| |||| 00| 0 spa d
040 _aMUNICIPALIDAD PROVINCIAL DEL CUSCO
_cBIBLIOTECA MUNICIPAL DEL CUSCO
041 _heng
082 _a813 /
_bC68
100 _aClark, Walter Van Tilburg
_92042
245 _aLa huella de la fiera /
260 _aMéxico :
_bNovaro-México,
_c1965.
300 _a509 páginas ;
_c16 cm.
440 _aColección Nova-Mex.
_n231
_92043
650 _aNovela estadounidense
_9448
650 _aAventura
_91719
650 _aTraducciones al español
_91053
700 _aMateo, Andrés M. (traductor)
_91421
942 _2ddc
_cLIBROS
945 _azta